Cálculo N-2
Guardado en:
| Autor principal: | |
|---|---|
| Formato: | Libro |
| Lenguaje: | Spanish |
| Publicado: |
San José, Costa Rica : Universidad de Costa Rica
1998
|
| Colección: | Cabécar
|
| Materias: | |
| Etiquetas: |
Agregar Etiqueta
Sin Etiquetas, Sea el primero en etiquetar este registro!
|
MARC
| LEADER | 00000nam a2200000Ia 4500 | ||
|---|---|---|---|
| 003 | L000820 | ||
| 005 | 20221231144304.0 | ||
| 008 | 140114s1998 cr a m 000 ||spa d | ||
| 040 | |c cru CEDI | ||
| 082 | |a 515 P772c | ||
| 100 | |a Poltronieri Vargas, Jorge, 1952- |9 19898 | ||
| 245 | |a Cálculo N-2 | ||
| 260 | |c 1998 |a San José, Costa Rica : Universidad de Costa Rica | ||
| 300 | |a 253 páginas : ilustraciones | ||
| 440 | |a Cabécar |9 19899 | ||
| 650 | |x CALCULO |9 11361 | ||
| 942 | |c BK |2 ddc | ||
| 999 | |c 19635 |d 19635 | ||
